Энергетическое использование древесной биомассы (Запись № 11765151)

Подробности
000 -МАРКЕР
контрольное поле 03121nam0a2200349 4500
001 - ИДЕНТИФИКАТОР ЗАПИСИ
контрольное поле RU\NLR\BIBL_A\011453380
005 - ИДЕНТИФИКАТОР ВЕРСИИ
контрольное поле 20241102015720.0
010 ## - МЕЖДУНАРОДНЫЙ СТАНДАРТНЫЙ НОМЕР КНИГИ (ISBN)
Номер (ISBN) 9785923909111
Тираж 100
021 ## - НОМЕР ГОСУДАРСТВЕННОЙ РЕГИСТРАЦИИ
Код страны Российская Федерация
Номер 2017-52361
Номер Листа государственной регистраци 3745
035 ## - ДРУГИЕ СИСТЕМНЫЕ НОМЕРА
Идентификатор записи (RuMoRGB)008938919
035 ## - ДРУГИЕ СИСТЕМНЫЕ НОМЕРА
Идентификатор записи (NLR Aleph) 011453380
100 ## - ДАННЫЕ ОБЩЕЙ ОБРАБОТКИ
Данные общей обработки 20170811d2016 k y0rusy50 ca
101 0# - ЯЗЫК РЕСУРСА
Язык текста, звукозаписи и т.д. русский
102 ## - СТРАНА ПУБЛИКАЦИИ ИЛИ ПРОИЗВОДСТВА
Страна публикации Российская Федерация
105 ## - ПОЛЕ КОДИРОВАННЫХ ДАННЫХ: ТЕКСТОВЫЕ МАТЕРИАЛЫ, МОНОГРАФИЧЕСКИЕ
Кодированные данные о монографическом текстовом документе a j 000zy
200 1# - ЗАГЛАВИЕ И СВЕДЕНИЯ ОБ ОТВЕТСТВЕННОСТИ
Основное заглавие Энергетическое использование древесной биомассы
Сведения, относящиеся к заглавию термохимические методы
-- учебное пособие для студентов высших учебных заведений, обучающихся по направлениям академического и прикладного бакалавриата и магистратуры "Технология лесозаготовительных и деревообрабатывающих производств", "Химическая технология", "Энерго- и ресурсосберегающие процессы в химической технологии, нефтехимии и биотехнологии"
Первые сведения об ответственности А. В. де Векки, доктор химических наук, профессор, заслуженный деятель науки РФ, В. И. Рощин, доктор химических наук, профессор
Последующие сведения об ответственности Министерство образования и науки РФ, Федеральное государственное бюджетное образовательное учреждение высшего образования "Санкт-Петербургский государственный лесотехнический университет имени С. М. Кирова", Кафедра технологии лесохимических продуктов, химии древесины и физической химии
210 ## - ПУБЛИКАЦИЯ, РАСПРОСТРАНЕНИЕ И ДР.
Место издания, распространения и т.д. Санкт-Петербург
Имя издателя, распространителя и т. д. Санкт-Петербургский государственный лесотехнический университет, Издательско-полиграфический отдел СПбГЛТУ
Дата издания, распространения и т.д. 2016
215 ## - ФИЗИЧЕСКАЯ ХАРАКТЕРИСТИКА
Специфическое обозначение материала и объем 108 с.
Другие сведения о физической характеристике ил.
Размеры 21
320 ## - ПРИМЕЧАНИЯ О НАЛИЧИИ В ДОКУМЕНТЕ БИБЛИОГРАФИИ / УКАЗАТЕЛЯ
Текст примечания Библиогр.: с. 107-108
606 ## - НАИМЕНОВАНИЕ ТЕМЫ КАК ПРЕДМЕТ
Наименование темы Древесина
Формальный подзаголовок Учебные издания для высших учебных заведений
Тематический подзаголовок Газификация
Системный номер авторитетной/нормативной записи 1003154
Идентификатор авторитетной/нормативной записи RU\NLR\AUTH\66380707
606 1# - НАИМЕНОВАНИЕ ТЕМЫ КАК ПРЕДМЕТ
Наименование темы Древесина
Формальный подзаголовок Учебные издания для высших учебных заведений
Тематический подзаголовок Пиролиз
Системный номер авторитетной/нормативной записи 1005189
Идентификатор авторитетной/нормативной записи RU\NLR\AUTH\66381828
606 ## - НАИМЕНОВАНИЕ ТЕМЫ КАК ПРЕДМЕТ
Наименование темы Биомасса как топливо
Формальный подзаголовок Учебные издания для высших учебных заведений
Системный номер авторитетной/нормативной записи 1142012
Идентификатор авторитетной/нормативной записи RU\NLR\AUTH\66136223
686 ## - ИНДЕКСЫ ДРУГИХ КЛАССИФИКАЦИЙ
Индекс З352.704я73-1
Код системы
686 1# - ИНДЕКСЫ ДРУГИХ КЛАССИФИКАЦИЙ
Индекс Л762я73-1
686 1# - ИНДЕКСЫ ДРУГИХ КЛАССИФИКАЦИЙ
Индекс З358я73-1
700 #1 - ИМЯ ЛИЦА - ПЕРВИЧНАЯ ОТВЕТСТВЕННОСТЬ
Начальный элемент ввода Де Векки
Часть имени, кроме начального элемента ввода А. В.
Расширение инициалов личного имени Андрей Васильевич
701 #1 - ИМЯ ЛИЦА - АЛЬТЕРНАТИВНАЯ ОТВЕТСТВЕННОСТЬ
Начальный элемент ввода Рощин
Часть имени, кроме начального элемента ввода В. И.
Расширение инициалов личного имени Виктор Иванович
942 ## - ДОПОЛНИТЕЛЬНЫЕ ЭЛЕМЕНТЫ ЗАПИСИ (АБИС)
Тип экземпляра АБИС Книга
980 ## - КОЛЛЕКЦИЯ
Название коллекции НБР

Нет доступных экземпляров.